|
|
|
|
| LEADER |
01309nam a2200349 i 4500 |
| 001 |
c000015811 |
| 003 |
CARM |
| 005 |
20060905104545.0 |
| 008 |
750826s1974 enka 001 0 eng |
| 010 |
|
|
|a 75322603
|
| 015 |
|
|
|a GB75-12622
|
| 019 |
1 |
|
|a 275390
|z 2692594
|z 22524446
|z 27533313
|5 LACONCORD2021
|
| 020 |
|
|
|a 0273002449 :
|c £3.60
|z 0273002459
|
| 020 |
|
|
|a 0273002457 (pbk.)
|z 0273002447
|
| 035 |
|
|
|a (OCoLC)1638239
|5 LACONCORD2021
|
| 040 |
|
|
|a LC
|b eng
|c LC
|d LC
|d VCAV
|
| 050 |
|
4 |
|a TK3226
|b .M595 1974
|
| 082 |
0 |
0 |
|a 621.31/04/2
|
| 082 |
0 |
4 |
|a 621.31/04/2
|
| 100 |
1 |
|
|a Moorhouse, C. E.
|q (Charles Edmund)
|
| 245 |
1 |
0 |
|a Power sources, links, and loads /
|c C. E. Moorhouse.
|
| 260 |
|
|
|a London :
|b Pitman,
|c 1974.
|
| 300 |
|
|
|a [7], 199 p. :
|b ill. ;
|c 23 cm.
|
| 500 |
|
|
|a Includes index.
|
| 650 |
|
0 |
|a Electric networks.
|
| 650 |
|
0 |
|a Electric power systems.
|
| 650 |
|
0 |
|a Electric machinery.
|
| 852 |
8 |
|
|b CARM
|h A2:AD12A0
|i B00514
|p 0006141
|f BK
|
| 852 |
8 |
|
|b CARM
|h A2:AO25A0
|i B06465
|p 0313545
|f BK
|
| 999 |
f |
f |
|i 8d46abcf-5afe-53ef-a953-eba27994bfd3
|s 11f0974e-9529-54ff-9292-25fc0e12fe80
|
| 952 |
f |
f |
|p Can circulate
|a CAVAL
|b CAVAL
|c CAVAL
|d CARM 1 Store
|e B00514
|f A2:AD12A0
|h Other scheme
|i book
|m 0006141
|
| 952 |
f |
f |
|p Can circulate
|a CAVAL
|b CAVAL
|c CAVAL
|d CARM 1 Store
|e B06465
|f A2:AO25A0
|h Other scheme
|i book
|m 0313545
|